Know the drill for CPOs (Record no. 84568)

MARC details
000 -LEADER
fixed length control field 00793cab a22002175a 4500
001 - CONTROL NUMBER
control field L158338
008 - FIXED-LENGTH DATA ELEMENTS--GENERAL INFORMATION
fixed length control field 150112e20150110xxk 000 0 eng d
035 ## - SYSTEM CONTROL NUMBER
System control number (Sirsi) u158338
041 0# - LANGUAGE CODE
Language code of text/sound track or separate title eng
100 1# - MAIN ENTRY--PERSONAL NAME
Personal name Foster, Richard
245 00 - TITLE STATEMENT
Title Know the drill for CPOs
260 ## - PUBLICATION, DISTRIBUTION, ETC.
Date of publication, distribution, etc. 2015
490 ## - SERIES STATEMENT
Series statement Estates Gazette
Volume/sequential designation (1501) 10 January 2015, 56-57(2)
520 ## - SUMMARY, ETC.
Summary, etc. Reviews the minerals code which is contained in Schedule 2 to the Acquisition of Land Act 1981, section 3. This is of relevance for an acquiring authority when drafting a compulsory purchase order as a decision needs to be taken whether to apply this code.
590 ## - LOCAL NOTE (RLIN)
Local note KA
651 #4 - SUBJECT ADDED ENTRY--GEOGRAPHIC NAME
Geographic name United Kingdom
690 ## - LOCAL SUBJECT ADDED ENTRY--TOPICAL TERM (OCLC, RLIN)
Topical term or geographic name as entry element Compulsory purchase
9 (RLIN) 6228
690 ## - LOCAL SUBJECT ADDED ENTRY--TOPICAL TERM (OCLC, RLIN)
Topical term or geographic name as entry element Minerals and waste
9 (RLIN) 6257
700 1# - ADDED ENTRY--PERSONAL NAME
Personal name Damms, Martin
942 ## - ADDED ENTRY ELEMENTS (KOHA)
Suppress in OPAC 0
Holdings
Withdrawn status Lost status Source of classification or shelving scheme Damaged status Not for loan Home library Current library Shelving location Date acquired Total Checkouts Full call number Barcode Date last seen Copy number Price effective from Koha item type
    Dewey Decimal Classification     London London Journal article 12/01/2015   L158338 158338-1001 06/08/2019 1 06/08/2019 Journal article